| 000 | 01027nam a22002417a 4500 | ||
|---|---|---|---|
| 999 |
_c63850 _d63850 |
||
| 005 | 20240530110702.0 | ||
| 008 | 171225s2015 ua a f b 000 0dara d | ||
| 017 |
_a2015/22089 _bمصر. دار الكتب |
||
| 020 | _a9789779105369 | ||
| 040 |
_aEG-CaGPL _cEG-CaGPL |
||
| 082 | 0 | 4 |
_221 _a962.06 _bق/م م |
| 100 | 0 | _aمحمود المليجى محمود سالم | |
| 245 | 1 | 2 |
_aالحرب والسلام فى الشرق الاوسط : _bصفحات حية من يوميات ضابط مصرى مقاتل / _cاعداد محمود المليجى محمود سالم |
| 250 | _aط.1 | ||
| 260 |
_aالقاهرة : _bالهيئة المصرية العامة للكتاب ، _c2015 . |
||
| 300 |
_a431 ص. : _bايض ؛ _c24 سم. |
||
| 650 | 0 | 7 |
_2qrmak _aحرب اكتوبر 1973 |
| 650 | 0 | 7 |
_2qrmak _aالاعتداء الثلاثى على مصر ( 1956 م ) |
| 650 | 0 | 7 |
_2qrmak _aالنزاع العربى الاسرائيلى |
| 651 | _2qrmak | ||
| 942 |
_2ddc _cBK |
||